[Event "ProMoPro Open"]
[Site "Praha"]
[Date "2002.09.12"]
[Round "6.19"]
[White "Hybl, Vladislav"]
[Black "Kovar, Josef"]
[Result "1/2-1/2"]
[WhiteElo "1813"]
[BlackElo "1944"]
[PlyCount "100"]
[EventDate "2002.09.07"]

1. f4 Nf6 2. Nf3 g6 3. e3 Bg7 4. d4 O-O 5. Bd3 d5 6. O-O c5 7. c3 b6 8. Qe2 Bb7
9. Nbd2 Nbd7 10. Ne5 Ne4 11. Ndf3 Qc8 12. Nxd7 Qxd7 13. Bd2 a5 14. Bb5 Qc7 15.
Ne5 f6 16. Ng4 Bc8 17. Nf2 Nd6 18. Bd3 e5 19. dxc5 Qxc5 20. e4 dxe4 21. Bxe4
Nxe4 22. Qxe4 Ba6 23. Be3 Qc7 24. Rfd1 Bb7 25. Qa4 Bc6 26. Qc4+ Kh8 27. Ng4 b5
28. Qf1 h5 29. Nf2 exf4 30. Bd4 Rad8 31. Nd3 g5 32. Nc5 Rfe8 33. Re1 Qf7 34.
Rxe8+ Rxe8 35. Re1 Rxe1 36. Qxe1 Bf8 37. Qe6 Qxe6 38. Nxe6 Be7 39. Nxg5 Bd5 40.
Nh3 Bxa2 41. Nxf4 Bf7 42. Kf2 Kg7 43. Kf3 Bd6 44. h3 Be5 45. Ke4 b4 46. cxb4
Bxf4 47. Kxf4 axb4 48. Kf5 Bg6+ 49. Ke6 Be4 50. g3 50... Kg6 {remis} 1/2-1/2

[Event "ProMoPro Open"]
[Site "Praha"]
[Date "2002.09.12"]
[Round "6.7"]
[White "Cvicela, Anton"]
[Black "Masek, Miroslav"]
[Result "1-0"]
[WhiteElo "2140"]
[BlackElo "2204"]
[PlyCount "107"]
[EventDate "2002.09.07"]

1. e4 e6 2. d4 d5 3. Nc3 Nf6 4. Bg5 dxe4 5. Nxe4 Be7 6. Bxf6 gxf6 7. Nf3 a6 8.
Bc4 b5 9. Bd3 Bb7 10. c3 Nd7 11. Qe2 Qc8 12. O-O c5 13. Rad1 c4 14. Bb1 Bd5 15.
Ng3 Kd8 16. Rfe1 Bd6 17. Nh4 Kc7 18. Be4 Nb6 19. b3 cxb3 20. Bxd5 Nxd5 21. axb3
Bxg3 22. hxg3 Nxc3 23. Rc1 Kb8 24. Qf3 b4 25. d5 a5 26. Rc2 exd5 27. Qxf6 Ra7
28. Nf5 Re8 29. Rxe8 Qxe8 30. Qb6+ Ka8 31. Nd4 Qc8 32. Nb5 Qb7 33. Qd8+ Qb8 34.
Qxb8+ Kxb8 35. Nxa7 Kxa7 36. Kf1 Kb6 37. Ke1 Ne4 38. Ke2 Nc5 39. Rb2 d4 40. Rb1
Kb5 41. f3 a4 42. bxa4+ Kxa4 43. Rc1 Kb5 44. Rh1 b3 45. Kd2 Kb4 46. Rh4 Kc4 47.
Rxh7 Nd3 48. Rxf7 Nb4 49. Rc7+ Kd5 50. Re7 Na2 51. g4 Nc3 52. Rb7 Kc4 53. g5
Nb5 54. g6 {cerny vzdal} 1-0

[Event "ProMoPro Open"]
[Site "Praha"]
[Date "2002.09.12"]
[Round "6.26"]
[White "Tolar, Vladislav"]
[Black "Janota, Jiri"]
[Result "1/2-1/2"]
[WhiteElo "1694"]
[BlackElo "1574"]
[PlyCount "141"]
[EventDate "2002.09.07"]

1. d4 e6 2. c4 d5 3. Nc3 c6 4. e3 dxc4 5. Bxc4 b5 6. Bb3 a6 7. Nf3 Bb7 8. O-O
Nf6 9. Bd2 c5 10. dxc5 Bxc5 11. Rc1 Qb6 12. Bc2 O-O 13. Ng5 Nbd7 14. Nge4 Be7
15. Nxf6+ Nxf6 16. e4 Rfd8 17. Qe2 h6 18. e5 Ne8 19. Be3 Qc7 20. f4 Rd7 21. Be4
Bxe4 22. Nxe4 Qb7 23. Ng3 Rad8 24. f5 Bg5 25. fxe6 Bxe3+ 26. Qxe3 fxe6 27. Rf2
Rd1+ 28. Rxd1 Rxd1+ 29. Rf1 Qd5 30. Rxd1 Qxd1+ 31. Nf1 Qd5 32. b3 b4 33. Kf2
Nc7 34. Nd2 Nb5 35. Nc4 Nc3 36. Qb6 Nxa2 37. Qxa6 Nc1 38. Qc8+ Kh7 39. Ne3 Nd3+
40. Ke2 Qxb3 41. Qc4 Qxc4 42. Nxc4 Nf4+ 43. Kf3 g5 44. h4 Kg6 45. g4 h5 46.
hxg5 Kxg5 47. gxh5 Nxh5 48. Ke4 Ng3+ 49. Kd3 Nf5 50. Ke4 Kg4 51. Nd6 b3 52. Kd3
Kf4 53. Nc4 Ne7 54. Kc3 Nc6 55. Kxb3 Ke4 56. Kc3 Nxe5 57. Na5 Nf3 58. Nb3 Kf4
59. Kd3 Ng1 60. Kd2 e5 61. Ke1 e4 62. Kf2 Nh3+ 63. Ke2 e3 64. Nc1 Ke4 65. Ke1
Nf4 66. Kf1 Kf3 67. Ke1 Ne6 68. Nb3 Ke4 69. Nc1 Nd4 70. Kf1 Kf3 71. Ke1 {
.... remis} 1/2-1/2

[Event "ProMoPro Open"]
[Site "Praha"]
[Date "2002.09.13"]
[Round "6.9"]
[White "Chalupa, Ivan"]
[Black "Simecek, Bohumil"]
[Result "0-1"]
[WhiteElo "2128"]
[BlackElo "2082"]
[PlyCount "120"]
[EventDate "2002.09.07"]

1. e4 c5 2. Nf3 d6 3. d4 cxd4 4. Nxd4 Nf6 5. Nc3 a6 6. Be2 e5 7. Nb3 Be6 8. Bg5
Nbd7 9. Nd5 Bxd5 10. exd5 Be7 11. O-O Rc8 12. c4 O-O 13. Bxf6 Bxf6 14. Nd2 g6
15. Bg4 Bg7 16. Bxd7 Qxd7 17. Rc1 Bh6 18. Rc3 f5 19. b3 b5 20. Qc2 Rc7 21. cxb5
Rxc3 22. Qxc3 Rc8 23. Qd3 axb5 24. Nb1 b4 25. a3 Qb7 26. Rd1 Rc5 27. a4 Qc8 28.
h3 Rc2 29. Nd2 Qc5 30. a5 e4 31. Qe2 Qxa5 32. Nc4 Rxe2 33. Nxa5 Rb2 34. Kf1 Bg7
35. Nc4 Rxb3 36. Nxd6 Rd3 37. Ke2 Rxd1 38. Kxd1 b3 39. g4 Be5 40. Nc4 Bd4 41.
gxf5 gxf5 42. Nd6 Bxf2 43. Nxf5 Kf8 44. Kc1 e3 45. Nd4 Ke7 46. Kb2 Kd6 47. Kxb3
Kxd5 48. Kc3 Ke4 49. Ne2 h5 50. Kc2 Kf3 51. Kd3 h4 52. Nd4+ Kg3 53. Ke4 Kxh3
54. Kf3 Kh2 55. Ne2 Kh1 56. Nf4 Kg1 57. Ke2 Bg3 58. Ne6 Kg2 59. Ng5 Bf4 60. Nf3
60... h3 {bily vzdal} 0-1

[Event "ProMoPro Open"]
[Site "?"]
[Date "2002.09.13"]
[Round "7.23"]
[White "Kudrna, Jakub"]
[Black "Klimes, Petr"]
[Result "1/2-1/2"]
[WhiteElo "1597"]
[BlackElo "1767"]
[PlyCount "39"]
[EventDate "2002.??.??"]

1. d4 Nf6 2. Nf3 e6 3. c4 b6 4. Bg5 Bb7 5. e3 h6 6. Bxf6 Qxf6 7. Be2 Bb4+ 8.
Nc3 O-O 9. Rc1 c5 10. O-O d5 11. cxd5 Bxc3 12. Rxc3 cxd4 13. Qxd4 Bxd5 14. Qxf6
gxf6 15. b3 Nc6 16. Rfc1 Nb4 17. Ra1 Rac8 18. Ne1 Bb7 19. a3 Nd5 20. Bc4 {remis
} 1/2-1/2

[Event "ProMoPro Open"]
[Site "?"]
[Date "2002.09.13"]
[Round "7.20"]
[White "Pleskovskij, Andrej"]
[Black "Novak, Jindrich"]
[Result "0-1"]
[WhiteElo "2000"]
[BlackElo "1920"]
[PlyCount "126"]
[EventDate "2002.??.??"]

1. d4 b5 2. e4 a6 3. Nf3 Bb7 4. Bd3 e6 5. O-O Nf6 6. Re1 d6 7. Bg5 Be7 8. a4 b4
9. c4 Nbd7 10. e5 dxe5 11. dxe5 Nh5 12. Bxe7 Qxe7 13. Be4 Bxe4 14. Rxe4 g6 15.
Nbd2 Nc5 16. Rd4 Rd8 17. Nb3 Nxb3 18. Rxd8+ Qxd8 19. Qxb3 a5 20. Rd1 Qe7 21.
Qe3 O-O 22. Qa7 g5 23. Qxa5 g4 24. Ne1 Nf4 25. c5 Rd8 26. Rxd8+ Qxd8 27. Qxb4
Qd1 28. Qe4 Nd3 29. Qxd3 Qxe1+ 30. Qf1 Qb4 31. Qc1 Qxa4 32. h3 gxh3 33. Qg5+
Kf8 34. Qh6+ Ke8 35. Qxh3 Qa1+ 36. Kh2 Qxb2 37. Qe3 Qb4 38. f4 Kd7 39. g3 Qb2+
40. Kh3 Qc2 41. Qd4+ Kc6 42. Qd8 Qf5+ 43. Kg2 h5 44. Qa8+ Kxc5 45. Qa3+ Kd4 46.
Qb2+ Kd3 47. Qb5+ Kd2 48. Qa5+ Kd1 49. Qxc7 Qe4+ 50. Kh2 Qe2+ 51. Kh3 Qf1+ 52.
Kh2 Qf2+ 53. Kh3 Qf3 54. Qd6+ Ke2 55. Qa6+ Kf2 56. Qa2+ Qe2 57. Qxe2+ Kxe2 58.
Kh4 Kf3 59. Kxh5 Kxg3 60. Kg5 Kf3 61. Kf6 Kxf4 62. Kxf7 Kxe5 63. Kg6 63... Kf4
{bily vzdal} 0-1

[Event "ProMoPro Open"]
[Site "Praha"]
[Date "2002.09.13"]
[Round "7.15"]
[White "Umanec, Filip"]
[Black "Koukolik, Alexander"]
[Result "*"]
[WhiteElo "1855"]
[BlackElo "2103"]
[PlyCount "50"]
[EventDate "2002.09.07"]

1. e4 c5 2. d4 cxd4 3. c3 d5 4. exd5 Qxd5 5. cxd4 Nc6 6. Nf3 e6 7. Nc3 Qd8 8.
Be2 Nf6 9. O-O Be7 10. Qd3 O-O 11. a3 b6 12. Rd1 Bb7 13. d5 exd5 14. Nxd5 Nxd5
15. Qxd5 Qxd5 16. Rxd5 Rfd8 17. Rxd8+ Rxd8 18. Be3 Bf6 19. Rb1 Na5 20. b4 Be4
21. Rf1 Nc6 22. Rd1 Rxd1+ 23. Bxd1 Ne5 24. Nxe5 Bxe5 25. a4 25... Bd6 {remis} *

[Event "ProMoPro Open"]
[Site "Praha"]
[Date "2002.09.13"]
[Round "7.25"]
[White "Kosar, Milan"]
[Black "Mikyska, Lubomir"]
[Result "1-0"]
[WhiteElo "1826"]
[BlackElo "1564"]
[PlyCount "63"]
[EventDate "2002.09.07"]

1. e4 c6 2. d4 d5 3. Nc3 dxe4 4. Nxe4 Nd7 5. Ng5 Ngf6 6. Bc4 e6 7. Qe2 Nb6 8.
Bb3 Be7 9. Be3 Nfd5 10. N5f3 Nxe3 11. Qxe3 Nd5 12. Qd2 O-O 13. O-O-O a5 14. c4
a4 15. Bc2 Nf6 16. h4 c5 17. Qd3 cxd4 18. Ng5 g6 19. h5 Nxh5 20. Nxh7 Kxh7 21.
g4 Bg5+ 22. Kb1 Kg7 23. gxh5 f5 24. hxg6 Kxg6 25. Nf3 Bf6 26. Qe2 Rh8 27. Rdg1+
Kf7 28. Ne5+ Bxe5 29. Qxe5 Rxh1 30. Qg7+ Ke8 31. Rxh1 Qe7 32. Qg6+ {cerny vzdal
} 1-0

[Event "ProMoPro Open"]
[Site "Praha"]
[Date "2002.09.13"]
[Round "7.13"]
[White "Londyn, Radek"]
[Black "Nepustil, Frantisek"]
[Result "0-1"]
[WhiteElo "2176"]
[BlackElo "1957"]
[PlyCount "72"]
[EventDate "2002.09.07"]

1. e4 g6 2. c4 c5 3. Nc3 Nc6 4. d3 Bg7 5. Nge2 d6 6. Be3 a6 7. g3 Bg4 8. Bg2
Nd4 9. Bxd4 cxd4 10. Nb1 e5 11. Nd2 Qd7 12. Rc1 Rc8 13. Qb3 Ne7 14. Rc2 Rc7 15.
Qa3 O-O 16. Nc1 Rfc8 17. O-O g5 18. Re1 Bf8 19. h4 Ng6 20. Ncb3 Kh8 21. Kf1 Bh3
22. Rec1 Be7 23. Qa5 Rg8 24. c5 Bxg2+ 25. Kxg2 d5 26. c6 Rxc6 27. Rxc6 bxc6 28.
Qxa6 Qg4 29. Kf1 { } 29... Nf4 30. gxf4 gxf4 31. Ke1 Bxh4 32. Nf1 Qf3 33. Rc2
Rg2 34. Re2 Bxf2+ 35. Kd1 Be3 36. Qc8+ 36... Kg7 {biyl vzdal} 0-1

[Event "ProMoPro Open"]
[Site "Praha"]
[Date "2002.09.13"]
[Round "7.22"]
[White "Cebis, Petr"]
[Black "Trnka, Jaroslav"]
[Result "1-0"]
[WhiteElo "1692"]
[BlackElo "1784"]
[PlyCount "83"]
[EventDate "2002.09.07"]

1. e4 c5 2. Nf3 e6 3. d4 cxd4 4. Nxd4 a6 5. a4 Qc7 6. Be2 Nf6 7. Bf3 Nc6 8. c3
Ne5 9. O-O Nxf3+ 10. Qxf3 Bd6 11. g3 O-O 12. Bg5 Be7 13. Nd2 b6 14. Rfe1 Bb7
15. Qd3 d6 16. f4 h6 17. Bh4 Rac8 18. Rac1 Qc5 19. Qe2 Rfe8 20. g4 Nxe4 21.
Nxe4 Qd5 22. Bxe7 Rxe7 23. Qf3 e5 24. Nf5 Re6 25. Rcd1 Qb3 26. Nfxd6 Bxe4 27.
Nxe4 exf4 28. Qxf4 Rce8 29. Rd2 b5 30. axb5 axb5 31. Rde2 Qc4 32. Qf3 Kf8 33.
h3 Qc6 34. Qd3 Qc7 35. Kg2 Qc6 36. Qf3 Qc4 37. Ng3 g6 38. Re4 Qb3 39. Rxe6 Rxe6
40. Rxe6 Qxe6 41. Qe4 Qb3 42. Qb4+ {cerny vzdal} 1-0

[Event "ProMoPro Open"]
[Site "Praha"]
[Date "2002.09.13"]
[Round "7.12"]
[White "Masek , Miroslav"]
[Black "Kaiser, Rudolf"]
[Result "1-0"]
[WhiteElo "2204"]
[BlackElo "2054"]
[PlyCount "83"]
[EventDate "2002.09.07"]

1. d4 f5 2. Bg5 g6 3. h4 Bg7 4. Nc3 d5 5. e3 Nf6 6. Bxf6 Bxf6 7. f4 e6 8. Nf3
Nd7 9. b4 a5 10. a3 Qe7 11. Rb1 axb4 12. axb4 Nb6 13. Qd2 Bd7 14. g3 h5 15. Be2
Kf7 16. O-O Ra3 17. Nd1 Rha8 18. Nf2 Kg7 19. Rfc1 Ra2 20. Qc3 Na4 21. Qe1 Ra3
22. Rb3 Nb6 23. Nd2 Ra2 24. c4 Ba4 25. c5 Bxb3 26. cxb6 Bc4 27. Nxc4 dxc4 28.
Rxc4 c6 29. e4 Ra1 30. Bd1 R8a3 31. Kg2 Bxh4 32. gxh4 Qxh4 33. exf5 Qg3+ 34.
Kf1 Re3 35. Qd2 35... gxf5 { } 36. d5 Kg6 37. dxc6 Rf3 38. Rc2 Qh3+ 39. Ke2 Qg2
40. Qd4 Raa3 41. c7 Rad3 42. c8=Q {cerny vzdal} 1-0

[Event "ProMoPro Open"]
[Site "Praha"]
[Date "2002.09.13"]
[Round "7.8"]
[White "Simecek, Bohumil"]
[Black "Matras, Ondrej"]
[Result "0-1"]
[WhiteElo "2082"]
[BlackElo "2234"]
[PlyCount "86"]
[EventDate "2002.09.07"]

1. d4 Nf6 2. Nf3 e6 3. c4 c5 4. d5 exd5 5. cxd5 d6 6. Nc3 g6 7. h3 Bg7 8. e4
O-O 9. Bd3 a6 10. a4 Qc7 11. Qe2 Re8 12. O-O Nbd7 13. Re1 b6 14. Qf1 Bb7 15.
Bf4 Nh5 16. Bh2 Ne5 17. Nxe5 Bxe5 18. Bxe5 Rxe5 19. Re3 Nf6 20. Rae1 Re7 21.
Bc4 Kg7 22. f4 Nd7 23. e5 dxe5 24. Ne4 Ree8 25. Ng5 b5 26. fxe5 Nxe5 27. d6
Qxd6 28. Nxf7 Qd4 29. Kh1 Qxc4 30. Qxc4 Nxc4 31. Rxe8 Rxe8 32. Rxe8 Kxf7 33.
Rb8 Nd6 34. axb5 axb5 35. Kg1 h5 36. Kf2 Ke6 37. g4 hxg4 38. hxg4 Ke5 39. Ke3
Be4 40. b3 Bd5 41. b4 cxb4 42. g5 Be4 43. Kd2 43... Kf4 {bily vzdal} 0-1

[Event "ProMoPro Open"]
[Site "Praha"]
[Date "2002.09.13"]
[Round "7.17"]
[White "Hackel, Ludek"]
[Black "Havlak, Lubomir"]
[Result "1/2-1/2"]
[WhiteElo "2105"]
[BlackElo "1726"]
[PlyCount "94"]
[EventDate "2002.09.07"]

1. d4 Nf6 2. c4 b6 3. Nc3 Bb7 4. e3 e6 5. Nf3 Bb4 6. Bd2 Qe7 7. Be2 Ne4 8. O-O
O-O 9. Rc1 Bxc3 10. Bxc3 Nxc3 11. Rxc3 c5 12. d5 d6 13. e4 e5 14. Nd2 Nd7 15.
Bg4 Nf6 16. Rg3 Rae8 17. Be2 Bc8 18. Qc2 h5 19. Ra3 Bg4 20. Bxg4 Nxg4 21. Qd1
g6 22. Rg3 Kg7 23. Qe2 Rh8 24. h3 Nf6 25. f4 exf4 26. Rxf4 Nd7 27. h4 Ne5 28.
Nf3 Nxf3+ 29. Rgxf3 Ref8 30. Qf2 Rh7 31. Rf6 Kg8 32. Qe3 Qe5 33. b3 Re8 34. Qf4
Qxf4 35. R3xf4 Rd8 36. Kf2 Rd7 37. Ke3 Kg7 38. Rf2 Rh8 39. g3 Re8 40. R6f4 Rde7
41. Kd3 Rd7 42. a3 a5 43. Rf6 Re5 44. R6f4 Re8 45. Rb2 Rg8 46. Rf1 Kf8 47. Rf4
47... Kg7 {remis} 1/2-1/2

[Event "ProMoPro Open"]
[Site "Praha"]
[Date "2002.09.13"]
[Round "7.18"]
[White "Kovar, Josef"]
[Black "Zikmund, Daniel"]
[Result "1-0"]
[WhiteElo "1944"]
[BlackElo "2072"]
[PlyCount "99"]
[EventDate "2002.09.07"]

1. e4 d6 2. d4 Nf6 3. Nc3 c6 4. f4 Qa5 5. Bd3 e5 6. dxe5 dxe5 7. Nf3 Bg4 8. h3
Bxf3 9. Qxf3 Nbd7 10. O-O O-O-O 11. Be3 Kb8 12. a3 exf4 13. b4 Qc7 14. Bxf4 Ne5
15. Qe3 Bd6 16. Ne2 Rhe8 17. Rad1 Nfd7 18. Nd4 f6 19. Nf5 Bf8 20. Bc4 g6 21.
Nd4 Qb6 22. Qf2 Ka8 23. Ne6 Qxf2+ 24. Rxf2 Rc8 25. Bb3 Be7 26. Rfd2 Nb6 27.
Bxe5 fxe5 28. Rf2 c5 29. bxc5 Rxc5 30. Rf7 Rc6 31. Kh2 Kb8 32. Ng7 Rd8 33.
Rxd8+ Bxd8 34. Rf8 Rd6 35. Ne6 Kc8 36. Nc5 Rc6 37. Nxb7 Kxb7 38. Rxd8 Kc7 39.
Rh8 h5 40. Rh7+ Kd6 41. Rxa7 Kc5 42. a4 Kd4 43. Ra6 Rd6 44. a5 Nc8 45. Rxd6+
Nxd6 46. Bd5 g5 47. g3 Kc3 48. a6 Nb5 49. Bf7 Kd4 50. Bxh5 {cerny vzdal} 1-0

[Event "ProMoPro Open"]
[Site "Praha"]
[Date "2002.09.13"]
[Round "7.2"]
[White "Stross, Frantisek"]
[Black "Pribyl, Josef"]
[Result "1/2-1/2"]
[WhiteElo "2266"]
[BlackElo "2409"]
[PlyCount "141"]
[EventDate "2002.09.07"]

1. e4 d6 2. d4 Nf6 3. Nc3 g6 4. Be3 c6 5. h3 Bg7 6. f4 Qa5 7. Bd3 d5 8. e5 Ne4
9. Bxe4 dxe4 10. Qd2 Bf5 11. g4 Be6 12. Nxe4 Qd5 13. Nf2 h5 14. g5 f6 15. Ne2
O-O 16. Nc3 Qd8 17. gxf6 exf6 18. O-O-O Nd7 19. Nfe4 Nb6 20. Nd6 Nc4 21. Nxc4
Bxc4 22. Rhg1 Bf7 23. f5 fxe5 24. fxg6 Be6 25. Bg5 Qe8 26. Qe2 Bf5 27. Qxh5
Bxg6 28. Qh4 exd4 29. Rde1 dxc3 30. Rxe8 cxb2+ 31. Kb1 Raxe8 32. Bh6 Rf5 33.
Bxg7 Kxg7 34. Qg4 Rf6 35. h4 Re5 36. h5 Rxh5 37. Qxh5 Rf1+ 38. Kxb2 Rxg1 39.
Qe5+ Kf7 40. Qf4+ Kg8 41. Qb8+ Kg7 42. Qxb7+ Bf7 43. Qxc6 Rg6 44. Qc3+ Rf6 45.
Qd4 a6 46. c4 Be8 47. Kc3 Kg6 48. Kb4 Re6 49. Qd8 Kf5 50. Kc5 Bf7 51. Kb4 Re4
52. Qc8+ Be6 53. Qxa6 Bxc4 54. Qa5+ Ke6 55. Qb6+ Ke5 56. Kc5 Be6 57. Qb2+ Kf4
58. Qf2+ Ke5 59. Qh2+ Kf5 60. Qc2 Ke5 61. Qb2+ Kf4 62. Kd6 Bg4 63. Qc2 Bf5 64.
Qd2+ Kg3 65. Qg5+ Bg4 66. Kd5 Ra4 67. Qe3+ Bf3+ 68. Kc5 Rxa2 69. Qe1+ Kg2 70.
Kd4 Re2 71. Qxe2+ {remis} 1/2-1/2

[Event "ProMoPro Open"]
[Site "Praha"]
[Date "2002.09.13"]
[Round "7.9"]
[White "Pinc, Miroslav"]
[Black "Herskovic, Radek"]
[Result "1/2-1/2"]
[WhiteElo "2221"]
[BlackElo "2147"]
[PlyCount "98"]
[EventDate "2002.09.07"]

1. d4 Nf6 2. c4 g6 3. Nc3 Bg7 4. e4 d6 5. f3 O-O 6. Be3 Nc6 7. Nge2 a6 8. Qd2
Rb8 9. Nc1 e5 10. Nb3 exd4 11. Nxd4 Nxd4 12. Bxd4 Be6 13. Be2 Nd7 14. Ba7 Ra8
15. Be3 Ne5 16. b3 b5 17. cxb5 axb5 18. O-O b4 19. Nb5 { } 19... Bxb3 20. axb3
Rxa1 21. Rxa1 Nxf3+ 22. Bxf3 Bxa1 23. Qxb4 Be5 24. Qa5 Qh4 25. h3 c5 26. Kf1 f5
27. exf5 Rxf5 28. Ke2 Rf8 29. Qd2 Qe7 30. Qd5+ Kg7 31. Qb7 Qxb7 32. Bxb7 Rb8
33. Bc6 Rb6 34. Bd7 Kf6 35. Nc7 Rxb3 36. Nd5+ Kg7 37. Be6 Rb2+ 38. Kf3 c4 39.
Bc1 Rc2 40. Bg5 Rb2 41. Bc1 Rb5 42. Ke4 Rb1 43. Bd2 h6 44. Ke3 Rg1 45. Kf2 Ra1
46. Ke2 Ra3 47. Be3 Ra2+ 48. Bd2 Ra8 49. Kd1 49... Ra1+ {remis} 1/2-1/2

[Event "ProMoPro Open"]
[Site "Praha"]
[Date "2002.09.13"]
[Round "7.6"]
[White "Vedral, Oldrich"]
[Black "Klicnar, Martin"]
[Result "1-0"]
[WhiteElo "2122"]
[BlackElo "2225"]
[PlyCount "113"]
[EventDate "2002.09.07"]

1. e4 c5 2. Nf3 a6 3. c3 d6 4. d4 Nd7 5. Bd3 Qc7 6. O-O Ngf6 7. Re1 c4 8. Bc2
e5 9. Nbd2 b5 10. Nf1 g6 11. Bg5 Bg7 12. Qc1 O-O 13. Qd2 Bb7 14. Rad1 exd4 15.
Nxd4 d5 16. Bf4 Qb6 17. e5 Nh5 18. Bh6 Rfe8 19. g4 Bxh6 20. Qxh6 Ng7 21. f4 Re7
22. Re3 Rae8 23. Rde1 Ne6 24. f5 Nxd4 25. cxd4 gxf5 26. Qxb6 Nxb6 27. gxf5 f6
28. e6 Rg7+ 29. Kf2 Kf8 30. Rg3 Ree7 31. Ne3 Rxg3 32. Kxg3 Rg7+ 33. Kf4 Ke7 34.
Re2 Bc6 35. Rg2 Rxg2 36. Nxg2 Nc8 37. Ne3 Nb6 38. Bd1 b4 39. Bf3 c3 40. bxc3
bxc3 41. Bd1 Bb5 42. Bc2 Kd6 43. Nd1 Ba4 44. Bxa4 Nxa4 45. Ne3 Nb2 46. Nc2 Nc4
47. Kf3 Nd2+ 48. Ke2 a5 49. Kd3 Ne4 50. Ne3 h5 51. Ng2 Kc6 52. Ne3 Kd6 53. Nd1
h4 54. Nxc3 Nf2+ 55. Ke2 Ng4 56. Nxd5 h3 57. Ne3 {cerny vzdal} 1-0

[Event "ProMoPro Open"]
[Site "Praha"]
[Date "2002.09.13"]
[Round "7.24"]
[White "Janota, Jiri"]
[Black "Voglova, Eva"]
[Result "0-1"]
[WhiteElo "1574"]
[BlackElo "1690"]
[PlyCount "56"]
[EventDate "2002.09.07"]

1. e4 d5 2. exd5 Nf6 3. Bc4 Nxd5 4. Nc3 Nb6 5. Bb3 c5 6. Nf3 c4 7. Ba4+ Nxa4 8.
Nxa4 Nc6 9. Qe2 b5 10. Nc5 e6 11. Ne4 Bb7 12. a3 g6 13. O-O Bg7 14. Rd1 O-O 15.
d4 cxd3 16. Rxd3 Qc7 17. Nc5 Ne5 18. Nxe5 Qxc5 19. Nd7 Qc6 20. f3 Rfd8 21. Qd2
Rac8 22. c3 Qc7 23. a4 Bc6 24. axb5 Bxb5 25. c4 Bxd7 26. Rda3 Qxc4 27. Qg5 Bb5
28. Kf2 28... Rd5 {bily vzdal} 0-1

[Event "ProMoPro Open"]
[Site "Praha"]
[Date "2002.09.13"]
[Round "7.7"]
[White "Borik, Juraj"]
[Black "Slovak, Pavel"]
[Result "1-0"]
[WhiteElo "2124"]
[BlackElo "1960"]
[PlyCount "55"]
[EventDate "2002.09.07"]

1. e4 c5 2. Nf3 d6 3. d3 Nc6 4. Be2 Nf6 5. h3 e6 6. c3 Be7 7. O-O O-O 8. Re1
Qc7 9. Bf1 a6 10. g3 b5 11. Bg2 Bb7 12. Nbd2 Rfd8 13. Nf1 Rac8 14. g4 Nd7 15.
d4 cxd4 16. cxd4 d5 17. exd5 exd5 18. a3 Nf6 19. Ng3 Bd6 20. Nf5 Bf8 21. Bg5
Re8 22. Bxf6 gxf6 23. Qd2 Qd7 24. N3h4 Ne7 25. Nh6+ Kg7 26. g5 fxg5 27. Qxg5+
Ng6 28. N4f5+ {cerny vzdal} 1-0

[Event "ProMoPro Open"]
[Site "Praha"]
[Date "2002.09.13"]
[Round "7.26"]
[White "Ousmanov, Vjaceslav"]
[Black "Tolar, Vladislav"]
[Result "1-0"]
[WhiteElo "1150"]
[BlackElo "1694"]
[PlyCount "73"]
[EventDate "2002.09.07"]

1. e4 d6 2. d4 Nf6 3. Nc3 g6 4. Bg5 Bg7 5. Bc4 c6 6. Nf3 O-O 7. O-O b5 8. Bb3
b4 9. Ne2 Nxe4 10. h3 d5 11. Bh4 Nd7 12. Ng3 Ndf6 13. Ne5 Bb7 14. Bxf6 Nxf6 15.
Qd2 a5 16. a3 a4 17. Qxb4 axb3 18. Qxb7 Rb8 19. Qxc6 Rc8 20. Qa4 bxc2 21. Rac1
Qb6 22. Rfe1 Qxb2 23. Nc6 Rfe8 24. Qxc2 Qxc2 25. Rxc2 e6 26. Ne7+ Rxe7 27.
Rxc8+ Bf8 28. Rb1 h5 29. Rbb8 Nh7 30. f3 Ra7 31. Ra8 Rb7 32. Ne2 Kg7 33. a4 Be7
34. a5 Nf8 35. g4 hxg4 36. hxg4 Ba3 37. g5 {cerny vzdal} 1-0

[Event "ProMoPro Open"]
[Site "Praha"]
[Date "2002.09.13"]
[Round "7.1"]
[White "Hausner, Ivan"]
[Black "Stehno, Pavel"]
[Result "1-0"]
[WhiteElo "2412"]
[BlackElo "2253"]
[PlyCount "107"]
[EventDate "2002.09.07"]

1. d4 Nf6 2. c4 g6 3. Nc3 Bg7 4. e4 d6 5. f4 O-O 6. Nf3 Bg4 7. Be2 Nfd7 8. O-O
e5 9. fxe5 Bxf3 10. Bxf3 Nc6 11. Be3 dxe5 12. d5 Nd4 13. Nb5 Nxf3+ 14. Qxf3 a6
15. Nc3 Qe7 16. Rad1 f5 17. exf5 gxf5 18. d6 cxd6 19. Qxb7 f4 20. Bf2 Rab8 21.
Qd5+ Rf7 22. b3 Bf8 23. Qf3 Qg5 24. Ne4 Qg6 25. Bh4 Nc5 26. Nxc5 dxc5 27. Rfe1
Re8 28. Re4 Rf5 29. Rd5 Rh5 30. Bf2 Qh6 31. h3 Re6 32. Rxf4 Qxf4 33. Qxf4 exf4
34. Rxh5 Re2 35. Rg5+ Bg7 36. Bxc5 Kf7 37. Rf5+ Ke6 38. Rxf4 Be5 39. Rf3 Rxa2
40. g4 Ra5 41. Bf2 Ra1+ 42. Kg2 a5 43. Re3 Kd6 44. Bg3 Bxg3 45. Kxg3 Ra3 46.
Kf4 Kc5 47. Re5+ Kb4 48. Rb5+ Kc3 49. Kg5 Rxb3 50. Rxa5 Kxc4 51. h4 Kd4 52. Kh6
Rb7 53. g5 Ke4 54. h5 {cerny vzdal} 1-0

[Event "ProMoPro Open"]
[Site "Praha"]
[Date "2002.09.13"]
[Round "7.21"]
[White "Vasek, Daniel"]
[Black "Bilek, Bernhard"]
[Result "1-0"]
[WhiteElo "1762"]
[BlackElo "1829"]
[PlyCount "77"]
[EventDate "2002.09.07"]

1. e4 e5 2. Nf3 Nc6 3. d4 exd4 4. Nxd4 Bc5 5. Be3 Qf6 6. c3 Qg6 7. f3 Nge7 8.
Qd2 O-O 9. Bc4 Na5 10. Bd3 Bb6 11. b4 Nac6 12. O-O Ne5 13. Be2 d5 14. f4 Ng4
15. f5 Bxd4 16. cxd4 Bxf5 17. exf5 Nxf5 18. Bxg4 Qxg4 19. Nc3 c6 20. Rae1 Rae8
21. Nd1 Re6 22. Nf2 Qg6 23. Nd3 Re4 24. Ne5 Qe6 25. Bf2 Re8 26. Rxe4 dxe4 27.
Be3 Nxe3 28. Rxf7 Nf5 29. Qg5 g6 30. Rf6 Qxa2 31. Rxf5 Qa1+ 32. Kf2 Qxd4+ 33.
Kg3 e3 34. Qf6 Qd8 35. Qf7+ Kh8 36. Nxg6+ hxg6 37. Qxg6 Qc7+ 38. Kf3 Re7 39.
Rf8# {mat} 1-0

[Event "ProMoPro Open"]
[Site "Praha"]
[Date "2002.09.13"]
[Round "7.16"]
[White "Kucera, Tomas"]
[Black "Hybl, Vladislav"]
[Result "1-0"]
[WhiteElo "2133"]
[BlackElo "1813"]
[PlyCount "83"]
[EventDate "2002.09.07"]

1. e4 e6 2. d3 d5 3. Nd2 f5 4. Qe2 Be7 5. g3 Nf6 6. Bg2 fxe4 7. dxe4 O-O 8. Nh3
b6 9. O-O Bb7 10. e5 Nfd7 11. Nf4 Rf5 12. Nxe6 Qc8 13. Bh3 Rxe5 14. Qg4 g6 15.
Nf4 Qe8 16. Nd3 Rf5 17. Qe2 Rf8 18. Re1 Nc6 19. Qe6+ Rf7 20. Qxd7 Qxd7 21. Bxd7
Nd4 22. Be6 Nxc2 23. Rb1 Nxe1 24. Nxe1 Bc5 25. Nd3 Re8 26. Nxc5 bxc5 27. Bxf7+
Kxf7 28. Nf3 d4 29. Ng5+ Kf6 30. Bf4 h6 31. Nh3 g5 32. Bxc7 Bc8 33. Kg2 Bb7+
34. f3 Re2+ 35. Kf1 Ba6 36. Kg1 d3 37. Nf2 d2 38. Ba5 Bb7 39. Ne4+ Bxe4 40.
fxe4 d1=Q+ 41. Rxd1 Rxb2 42. Bc3+ {cerny vzdal} 1-0

[Event "ProMoPro Open"]
[Site "Praha"]
[Date "2002.09.13"]
[Round "7.5"]
[White "Svatos, Jan"]
[Black "Urbanek, Stepan"]
[Result "1/2-1/2"]
[WhiteElo "2279"]
[BlackElo "2096"]
[PlyCount "77"]
[EventDate "2002.09.07"]

1. e4 e6 2. d4 d5 3. Nd2 Nf6 4. e5 Nfd7 5. Bd3 c5 6. c3 Nc6 7. Ne2 Qb6 8. Nf3
cxd4 9. cxd4 f6 10. exf6 Nxf6 11. O-O Bd6 12. Bf4 Bxf4 13. Nxf4 O-O 14. Ng5
Nxd4 15. Nxh7 Nxh7 16. Bxh7+ Kxh7 17. Qh5+ Kg8 18. Ng6 Qd6 19. f4 Nf5 20. Qh8+
Kf7 21. Qh7 Bd7 22. Rae1 d4 23. Ne5+ Ke8 24. Qg6+ Kd8 25. g4 Ne3 26. Rf2 Qe7
27. Rd2 Rxf4 28. Qd3 Nd5 29. Rg2 Rc8 30. Ng6 Qb4 31. Rd1 Rf6 32. Ne5 Ne3 33.
Nxd7 Kxd7 34. Qxe3 Ke7 35. Qg5 Kf7 36. Qh5+ Ke7 37. Qg5 Kf7 38. Qh5+ Ke7 39.
Qg5 {remis} 1/2-1/2

[Event "ProMoPro Open"]
[Site "Praha"]
[Date "2002.09.13"]
[Round "7.3"]
[White "Cernousek, Lukas"]
[Black "Taborsky, Rostislav"]
[Result "1-0"]
[WhiteElo "2294"]
[BlackElo "2236"]
[PlyCount "61"]
[EventDate "2002.09.07"]

1. e4 c5 2. Nf3 d6 3. d4 cxd4 4. Nxd4 Nf6 5. Nc3 e6 6. Be2 Be7 7. O-O O-O 8. f4
a6 9. Be3 Nc6 10. a4 Qc7 11. Kh1 Rd8 12. Bf3 Ne5 13. g4 Nxf3 14. Qxf3 b6 15. g5
Nd7 16. Qh3 Bf8 17. Rf3 Re8 18. Qh4 g6 19. f5 Bb7 20. Rh3 h5 21. gxh6 exf5 22.
h7+ 22... Kh8 { } 23. Nxf5 Qxc3 24. bxc3 Rxe4 25. Kg1 Rxh4 26. Nxh4 Ne5 27. Rf1
Bc8 28. Rg3 28... b5 { } 29. Nxg6+ Nxg6 30. Rxf7 Be6 31. Bd4+ {cerny vzdal} 1-0